Journal of pure and applied algebra

Saved in:
Bibliographic Details
Format: Serial
Language:English
Published: Amsterdam North-Holland Publ. Co. 1978
Tags: Add Tag
No Tags, Be the first to tag this record!

MARC

LEADER 00000nas2a2200000 4500
001 0010521
005 20250730114254.0
022 |a 0022-4049 
041 0 |a eng 
044 |a NL 
245 1 0 |a Journal of pure and applied algebra 
264 1 |a Amsterdam  |b North-Holland Publ. Co.  |c 1978 
300 |a 1 zv. 
773 0 |w eu_un_cat*0010223